000 00553nam a2200145 4500
999 _c240
_d240
020 _a9788183210676
050 _aSB318
_b.P67 POS
100 _aMir, M A
245 _aPost-harvest management of horticultural crops
_cedited by M.A. Mir [and others].
260 _aUdaipur :
_bAgrotech Pub. Scademy,
_c©2007
300 _a360 pages :
_billustrations ;
_c22 cm
500 _aINCLUDES BIBLIOGRAPHIC REFERENCE AND INDEX
650 _aHorticultural products -- India -- Post-harvest technology.
_xCrops -- India -- Post-harvest technology.
942 _cBK